Environmental politics at the local : (Record no. 750620)
[ view plain ]
| 000 -LEADER | |
|---|---|
| fixed length control field | 00462cam a22001335i 4500 |
| 020 ## - INTERNATIONAL STANDARD BOOK NUMBER | |
| ISBN | 9789354425721 |
| 082 ## - DEWEY DECIMAL CLASSIFICATION NUMBER | |
| Classification number | 363.700 954 SAT/E |
| 245 00 - TITLE STATEMENT | |
| Title | Environmental politics at the local : |
| Sub Title | natural resource governance in India / |
| Statement of responsibility, etc | edited by Satyajit Singh, Ajit Menon. |
| 260 ## - PUBLICATION, DISTRIBUTION, ETC. (IMPRINT) | |
| Place of publication | . - Hyderabad |
| Name of publisher | : Orient Blacksman Pvt Ltd. |
| Year of publication | , 2024 |
| 300 ## - PHYSICAL DESCRIPTION | |
| Number of Pages | xii, 356 pages |
| 700 ## - ADDED ENTRY--PERSONAL NAME | |
| Personal name | Satyajit Singh, Ajit Menon. Editors |
| 942 ## - ADDED ENTRY ELEMENTS (KOHA) | |
| Source of classification or shelving scheme | Dewey Decimal Classification |
| Koha item type | Book |
| Withdrawn status | Lost status | Source of classification or shelving scheme | Damaged status | Not for loan | Home Library | Current Location | Date acquired | Full call number | Accession Number | Price effective from | Koha item type |
|---|---|---|---|---|---|---|---|---|---|---|---|
| Dewey Decimal Classification | Dept. of Political Science | Dept. of Political Science | 06/02/2025 | 363.700 954 SAT/E | POL23742 | 28/07/2025 | Book |
